| 000 | 00645cam a22002172 4500 | ||
|---|---|---|---|
| 001 | 0000020737 | ||
| 005 | 20151217155229.0 | ||
| 008 | 111007s xx 000 0 eng d | ||
| 020 | _a0421831200 : | ||
| 040 |
_aKABU _cKABU |
||
| 100 | 1 |
_aChang, Chris. _@0000181276 |
|
| 245 | 1 | 0 |
_aLand law / _cChris Chang, John Weldon. |
| 250 | _a3rd ed. | ||
| 260 |
_aLondon : _bSweet & Maxwell, _c2003. |
||
| 300 | _axx, 194 p. | ||
| 650 | 0 |
_aLand tenure _xLaw and legislation. _zGreat Britain. _@0000179198 |
|
| 700 | 1 |
_aWeldon, Chris. _@0000181277 |
|
| 852 | 1 | _9p750 KES | |
| 908 | _a111007 | ||
| 950 | _@1 | ||
| 999 |
_c12161 _d12161 |
||